LEADER 01087nam0 22002891i 450 001 VAN0017090 005 20060123120000.0 010 $a88-7078-424-X 100 $a20040601d1997 |0itac50 ba 101 $aita 102 $aIT 105 $a|||| ||||| 200 1 $aAnalitici e continentali$eguida alla filosofia degli ultimi trent'anni$fFranca D'Agostini$gprefazione di Gianni Vattimo 210 $aMilano$cCortina$d1997 215 $aXIX, 553 p.$d23 cm. 606 $aFilosofia$xSec. 20.$3VANC008624$2FI 620 $dMilano$3VANL000284 676 $a190.904$v21 700 1$aD'Agostini$bFranca$3VANV012936$0144508 702 1$aVattimo$bGianni$3VANV010230 712 $aCortina, Raffaello$3VANV109008$4650 801 $aIT$bSOL$c20230616$gRICA 899 $aBIBLIOTECA DEL DIPARTIMENTO DI GIURISPRUDENZA$1IT-CE0105$2VAN00 912 $aVAN0017090 950 $aBIBLIOTECA DEL DIPARTIMENTO DI GIURISPRUDENZA$d00CONS XXI.Cd.20 $e00 25842 20040609 996 $aAnalitici e continentali$9507928 997 $aUNICAMPANIA LEADER 02079nam2 2200445 i 450 001 VAN00124561 005 20240806100816.675 017 70$2N$a9783319779744 100 $a20191021d2018 |0itac50 ba 101 $aeng 102 $aCH 105 $a|||| ||||| 200 1 $aˆVol. 2.: ‰Euclidean Geometry$fAntonio Caminha Muniz Neto 210 $aCham$cSpringer$d2018 215 $axi, 550 p.$cill.$d24 cm 410 1$1001VAN00023582$12001 $aProblem books in mathematics$1210 $aNew York [etc.]$cSpringer$d1981- 461 1$1001VAN00123585$12001 $aˆAn ‰Excursion through Elementary Mathematics$fAntonio Caminha Muniz Neto$1210 $aCham$cSpringer$1215 $avolumi$cill.$d24 cm$v2 500 1$3VAN00236117$aˆAn ‰Excursion through Elementary Mathematics. Vol. II, Euclidean Geometry$92789718 606 $a00A07$xProblem books [MSC 2020]$3VANC021527$2MF 606 $a00A35$xMethodology of mathematics [MSC 2020]$3VANC023219$2MF 606 $a51-XX$xGeometry [MSC 2020]$3VANC019810$2MF 606 $a51M04$xElementary problems in Euclidean geometries [MSC 2020]$3VANC023703$2MF 610 $aEuclidean Geometry$9KW:K 610 $aGeometry$9KW:K 610 $aIMO$9KW:K 610 $aMathematics Olympiad$9KW:K 610 $aProblem Solving$9KW:K 610 $aSolids$9KW:K 610 $aTrigonometry$9KW:K 620 $aCH$dCham$3VANL001889 700 1$aCaminha Muniz Neto$bAntonio$3VANV095052$0767139 712 $aSpringer $3VANV108073$4650 801 $aIT$bSOL$c20250131$gRICA 856 4 $uhttp://doi.org/10.1007/978-3-319-77974-4$zE-book ? Accesso al full-text attraverso riconoscimento IP di Ateneo, proxy e/o Shibboleth 899 $aBIBLIOTECA DEL DIPARTIMENTO DI MATEMATICA E FISICA$1IT-CE0120$2VAN08 912 $fN 912 $aVAN00124561 950 $aBIBLIOTECA DEL DIPARTIMENTO DI MATEMATICA E FISICA$d08DLOAD e-book 1022 $e08eMF1022 20191021 996 $aExcursion through Elementary Mathematics. Vol. II, Euclidean Geometry$92789718 997 $aUNICAMPANIA